Szczegóły MARC21

Kodeks postępowania administracyjnego : po zmianach w latach 2017-2019 /

003 -Nazwa inst., której nr kontr. jest w polu 001 [,]
    • @
    • Nazwa instytucji, której n kontrolny jest w polu 001
    • NUKAT
005 -DATA I CZAS OSTATNIEJ MODYFIKACJI [,]
    • @
    • pole kontrolne
    • 20241231093939.0
020 -Międzynarod. znormalizowany nr książki - ISBN [ , ]
    • a
    • Numer ISBN
    • 9788366300170 Find
    • q
    • Dopowiedzenie
    • druk
020 -Międzynarod. znormalizowany nr książki - ISBN [ , ]
    • a
    • Numer ISBN
    • 9788366300187 Find
    • q
    • Dopowiedzenie
    • ebook
040 -Instytucja sporządzająca opis [ , ]
    • a
    • Instytucja, która sporządziła opis (NP)
    • WR U/hp
    • b
    • Język katalogowania
    • pol
    • e
    • Zasady katalogowania
    • rda
    • c
    • Instytucja, która sporządziła rekord (NP)
    • WR U/hp
    • d
    • Instytucja, która zmodyfikowała rekord (P)
    • WR U/bk
    • d
    • Instytucja, która zmodyfikowała rekord (P)
    • WR U/hps
041 -Język dokumentu [0, ]
    • a
    • Język tekstu (P)
    • polski
    • b
    • Język streszczeń lub abstraktu (P)
    • angielski
942 -Rodzaj dokumentu [ , ]
    • c
    • Rodzaj dokumentu
    • Książka
245 -Strefa tytułu i oznaczenia odpowiedzialności [0,0]
    • a
    • Tytuł
    • Kodeks postępowania administracyjnego : Find
    • b
    • Ciąg dalszy tytułu (NP)
    • po zmianach w latach 2017-2019 / Find
    • c
    • Pozostałe elementy strefy tytułu i oznaczenia odpowiedzialności (NP)
    • redakcja naukowa: Mateusz Błachucki, Grzegorz Sibiga ; Instytut Nauk Prawnych Polskiej Akademii Nauk.
250 -Strefa wydania [ , ]
    • a
    • Oznaczenie wydania (NP)
    • Wydanie I.
260 -Strefa adresu wydawniczego [ , ]
    • a
    • Miejsce wydania (P)
    • Warszawa :
    • b
    • Nazwa wydawcy (P)
    • Wydawnictwo INP PAN,
    • c
    • Data wydania (P)
    • 2020.
300 -Strefa opisu fizycznego [ , ]
    • a
    • Określenie formy książki i/lub objętość (NP)
    • 493 strony ;
    • c
    • Format (NP)
    • 25 cm.
336 -Typ zawartości [ , ]
    • a
    • Termin opisujący typ zawartości
    • Tekst
    • b
    • Kod określający zawartość
    • txt
    • 2
    • Źródło (terminu i kodu)
    • rdacontent
337 -Typ mediów [ , ]
    • a
    • Tryb odtwarzania
    • Bez urządzenia pośredniczącego
    • b
    • Kod typu mediów
    • n
    • 2
    • Źródło (terminu i kodu)
    • rdamedia
338 -Typ/rodzaj nośnika [ , ]
    • a
    • Hasło opisujące typ nośnika
    • Wolumin
    • b
    • Kod typu nośnika
    • nc
    • 2
    • Źródło (terminu i kodu)
    • rdacarrier
504 -Uwaga dot. bibliogr. załącznikowej [ , ]
    • a
    • Uwaga dot. bibliografii załącznikowej
    • Bibliografia przy artykułach.
504 -Uwaga dot. bibliogr. załącznikowej [ , ]
    • a
    • Uwaga dot. bibliografii załącznikowej
    • "Postępowanie administracyjne. Bibliografia selektywna publikacji naukowych wydanych w latach 2017-2019" na stronach 433-493.
546 -Uwaga dot. języka [ , ]
    • a
    • Uwaga dot. języka
    • Streszczenia artykułów również w języku angielskim.
650 -Hasło przedmiotowe [ ,7]
    • a
    • Hasło przedmiotowe
    • Postępowanie administracyjne
    • z
    • Określnik geograficzny
    • Polska
    • v
    • Określnik formalny
    • kodeksy.
    • 2
    • Źródło terminu
    • kaba
    • 9
    • KHW
    • 358575
650 -Hasło przedmiotowe [ ,7]
    • a
    • Hasło przedmiotowe
    • Postępowanie administracyjne
    • z
    • Określnik geograficzny
    • Polska
    • y
    • Określnik chronologiczny
    • 1990-.
    • 2
    • Źródło terminu
    • kaba
    • 9
    • KHW
    • 359831
700 -Hasło dodatkowe - nazwa osobowa [1, ]
    • a
    • Nazwa osobowa (NP)
    • Błachucki, Mateusz. Find
    • e
    • Określenie rodzaju współpracy
    • Redakcja
    • 9
    • KHW
    • 79947
700 -Hasło dodatkowe - nazwa osobowa [1, ]
    • a
    • Nazwa osobowa (NP)
    • Sibiga, Grzegorz. Find
    • e
    • Określenie rodzaju współpracy
    • Redakcja
    • 9
    • KHW
    • 24193
710 -Hasło dodatkowe - nazwa ciała zbiorowego [2, ]
    • a
    • Nazwa ciała zbiorowego lub nazwa geograficzna jako pierwszy element (NP)
    • Polska Akademia Nauk.
    • b
    • Nazwa jednostki podrzędnej (P)
    • Instytut Nauk Prawnych.
    • e
    • Rodzaj współpracy
    • Instytucja sprawcza
    • 9
    • KHW
    • 12581
856 -Dostęp do wersji elektronicznej [4,8]
    • 3
    • Wyszczególnienie materiału
    • Okładka
856 -Dostęp do wersji elektronicznej [4,1]
    • 3
    • Wyszczególnienie materiału
    • Spis treści
920 -ISBN [ , ]
    • a
    • ISBN
    • 978-83-66300-17-0 Find
    • q
    • Dopowiedzenie
    • druk
920 -ISBN [ , ]
    • a
    • ISBN
    • 978-83-66300-18-7 Find
    • q
    • Dopowiedzenie
    • ebook
Data inwentaryzacji Sygnatura Lokalizacja Status udost. Numer inwentarzowy
2021-07-06SA.25620BSA1SA.25620